000
00262nam a22001217a 4500
008
170405b xxu||||| |||| 00| 0 eng d
041
_a
eng
080
_2
4RD
_a
574
100
_a
9
101
_a
SHM
245
_a
THE GARENER BUG BOOK
_c
WESTCOTT
942
_2
udc
_c
BK
999
_c
9881
_d
9881